<?xml version="1.0" encoding="UTF-8"?>
<marc:record xmlns:marc="http://www.loc.gov/MARC21/slim">
   <marc:leader>00000nam a2200000 a 4500</marc:leader>
   <marc:datafield ind1="1" ind2=" " tag="100">
      <marc:subfield code="a">Mohn, Anneke</marc:subfield>
      <marc:subfield code="4">aut</marc:subfield>
      <marc:subfield code="e">Verfasser/-in</marc:subfield>
   </marc:datafield>
   <marc:datafield ind1="0" ind2="0" tag="245">
      <marc:subfield code="a">Kirschsommer</marc:subfield>
   </marc:datafield>
   <marc:datafield ind1="0" ind2="0" tag="245">
      <marc:subfield code="b">Roman</marc:subfield>
   </marc:datafield>
   <marc:datafield ind1=" " ind2="1" tag="264">
      <marc:subfield code="b">Rowohlt-Taschenbuch-Verl.</marc:subfield>
      <marc:subfield code="c">2013</marc:subfield>
   </marc:datafield>
   <marc:datafield ind1="1" ind2=" " tag="520">
      <marc:subfield code="a">Angaben aus der Verlagsmeldung  Kirschsommer Mohn, Kirschsommer / von Anneke Mohn  Jule hat Liebeskummer und hütet das Haus ihrer Großmutter im Alten Land, inklusive Kirschgarten und Fremdenzimmer. Mit einem attraktiven Übernachtungsgast rechnet sie nicht. Doch Sebastian Hofstetten ist ihr gleich sympathisch. Der Klimaforscher untersucht mit Hilfe von Obst in alten Weckgläsern die Veränderungen des Wetters. Im Keller von Oma Mielchen stößt Jule auf ein ganz besonderes Kirschglas - und auf einen Liebesbrief aus dem Jahr 1945. Welches Familiengeheimnis verbirgt sich dahinter? Kann es Jule helfen, in diesem Sommer ihr eigenes Herz zu heilen?</marc:subfield>
   </marc:datafield>
   <marc:datafield ind1=" " ind2=" " tag="020">
      <marc:subfield code="a">9783499259319</marc:subfield>
      <marc:subfield code="9">9783499259319</marc:subfield>
   </marc:datafield>
</marc:record>
